<?xml version="1.0" encoding="UTF-8"?>
<record
    xmlns:xsi="http://www.w3.org/2001/XMLSchema-instance"
    xsi:schemaLocation="http://www.loc.gov/MARC21/slim http://www.loc.gov/standards/marcxml/schema/MARC21slim.xsd"
    xmlns="http://www.loc.gov/MARC21/slim">

  <leader>01030nam a2200241Ia 4500</leader>
  <controlfield tag="005">20250507010732.0</controlfield>
  <controlfield tag="008">210805s9999    xx            000 0 und d</controlfield>
  <datafield tag="020" ind1=" " ind2=" ">
    <subfield code="a">9781415331446"</subfield>
    <subfield code="q">pbk</subfield>
  </datafield>
  <datafield tag="040" ind1=" " ind2=" ">
    <subfield code="a">RDA</subfield>
    <subfield code="c">33228</subfield>
  </datafield>
  <datafield tag="041" ind1=" " ind2=" ">
    <subfield code="2">A</subfield>
    <subfield code="a">Afr</subfield>
  </datafield>
  <datafield tag="082" ind1=" " ind2=" ">
    <subfield code="a">232.9 KIN</subfield>
    <subfield code="2">23</subfield>
  </datafield>
  <datafield tag="100" ind1=" " ind2=" ">
    <subfield code="a">Kingsbury, Karen</subfield>
    <subfield code="9">2331</subfield>
  </datafield>
  <datafield tag="245" ind1=" " ind2="0">
    <subfield code="a">Die familie van Jesus</subfield>
  </datafield>
  <datafield tag="250" ind1=" " ind2=" ">
    <subfield code="a">Eerste Afrikaanse uitgawe</subfield>
  </datafield>
  <datafield tag="260" ind1=" " ind2=" ">
    <subfield code="a">Tygervallei; Kaapstad;</subfield>
    <subfield code="b">Struik Christian Media (Edms) Bpk</subfield>
    <subfield code="c">2015</subfield>
  </datafield>
  <datafield tag="300" ind1=" " ind2=" ">
    <subfield code="a">288 bladsye</subfield>
    <subfield code="c">21 sentimeters</subfield>
  </datafield>
  <datafield tag="504" ind1=" " ind2=" ">
    <subfield code="6">Oorspronklik in die VSA uitgegee as The Family of Jesus dues Howard books, `n afdeling van Simon &amp; Schuter, Inc, New York, in 2014.</subfield>
  </datafield>
  <datafield tag="700" ind1=" " ind2=" ">
    <subfield code="a">Thirion, R</subfield>
    <subfield code="e">Projekbestuur</subfield>
    <subfield code="q">Thirion Reinata</subfield>
    <subfield code="9">183345</subfield>
  </datafield>
  <datafield tag="700" ind1=" " ind2=" ">
    <subfield code="a">Cornelissen, I</subfield>
    <subfield code="e">Vertaal</subfield>
    <subfield code="q">Cornelissen Irene</subfield>
    <subfield code="9">183346</subfield>
  </datafield>
  <datafield tag="700" ind1=" " ind2=" ">
    <subfield code="a">Van der Westhuizen,A</subfield>
    <subfield code="e">Geredigeer</subfield>
    <subfield code="q">Van der Westhuizen Aletta</subfield>
    <subfield code="9">183347</subfield>
  </datafield>
  <datafield tag="700" ind1=" " ind2=" ">
    <subfield code="a">Bijker, M</subfield>
    <subfield code="e">DTP</subfield>
    <subfield code="q">Bijker Monique</subfield>
    <subfield code="9">183348</subfield>
  </datafield>
  <datafield tag="942" ind1=" " ind2=" ">
    <subfield code="c">BOOK</subfield>
    <subfield code="2">ddc</subfield>
    <subfield code="e">Eerste Afrikaans</subfield>
    <subfield code="h">232.9 KIN</subfield>
    <subfield code="k">232.9</subfield>
    <subfield code="m">KIN</subfield>
    <subfield code="y"></subfield>
    <subfield code="z">CRON CRON</subfield>
  </datafield>
  <datafield tag="999" ind1=" " ind2=" ">
    <subfield code="c">54311</subfield>
    <subfield code="d">54310</subfield>
  </datafield>
  <datafield tag="952" ind1=" " ind2=" ">
    <subfield code="0">0</subfield>
    <subfield code="1">0</subfield>
    <subfield code="2">ddc</subfield>
    <subfield code="4">0</subfield>
    <subfield code="7">0</subfield>
    <subfield code="a">MBOML</subfield>
    <subfield code="b">MBOML</subfield>
    <subfield code="d">2023-10-24</subfield>
    <subfield code="l">0</subfield>
    <subfield code="o">232.9 KIN 23</subfield>
    <subfield code="p">33228031065494</subfield>
    <subfield code="r">2023-10-24</subfield>
    <subfield code="w">2023-10-24</subfield>
    <subfield code="y">BOOK</subfield>
  </datafield>
</record>
